Drapeaux avec des logos - Statistiques

Statistiques générales
  • Ce quiz a été pris 44 fois
    3 depuis la dernière actualisation
  • Le résultat moyen est 23 sur 32
Statistiques - réponses
Par images Réponse % Correct
Adidas
100%
Arabie Saoudite
100%
Audi
100%
BMW
100%
Brésil
100%
Corée du Sud
100%
Disney
100%
Google
100%
Inde
100%
Japon
100%
JetPunk
100%
Nike
100%
Pepsi
100%
Pinterest
100%
Serbie
100%
Tesla
100%
Uruguay
100%
Cambodge
50%
Canada
50%
Dominique
50%
Firefox
50%
Lesotho
50%
Mauritanie
50%
Motorola
50%
Panama
50%
Sainte-Lucie
50%
Seychelles
50%
Timor Oriental
50%
Wikipédia
50%
American Airlines
0%
BP
0%
Taco Bell
0%
Aucun quiz correspondant
Distribution des résultats
% des personnes avec chaque résultat
Percentile par nombre de réponses
Votre historique - résultats
Vous n’avez pas pris ce quiz depuis la dernière actualisation